Jim Parsons Filmography - Statistics

General Stats
  • This quiz has been taken 30 times
    7 since last reset
  • The average score is 18 of 94
Answer Stats
Type Year Name % Correct
TV Show 2006-2019 The Big Bang Theory
100%
TV Show 2014 Saturday Night Live
67%
TV Show 2017-2024 Young Sheldon
67%
Film 2016 Hidden Figures
50%
Film 2015 Home
33%
Film 2022 Spoiler Alert
33%
Theater 2018 The Boys in the Band
33%
Film 2020 The Boys in the Band
33%
TV Show 2020 The Simpsons
33%
Film 2006 10 Items or Less
17%
Film 2018 A Kid Like Jake
17%
Theater 2022 A Man of No Importance
17%
Theater 2015 An Act of God
17%
Film 2025 Animal Farm
17%
Theater 1998 Below the Belt
17%
TV Special 2024 Bob Newhart: A Legacy of Laughter
17%
Theater 1997 Camino Real
17%
Theater 1997 Chili Queen
17%
Theater 2001 Da
17%
TV Show 2002 Ed
17%
Theater 1996 Eddie Goes to Poetry City
17%
TV Short 2014 Elf: Buddy's Musical Christmas
17%
Theater 1995 Endgame
17%
TV Show 2011 Eureka
17%
Film 2019 Extremely Wicked, Shockingly Evil and Vile
17%
TV Show 2009, 2012 Family Guy
17%
Documentary 2017 First in Human
17%
TV Show 2009 Free Radio
17%
Film 2007 Gardener of Eden
17%
Film 2004 Garden State
17%
TV Show 2010 Glenn Martin, DDS
17%
Theater 1996 Guys and Dolls
17%
Film 2003 Happy End
17%
Theater 2012 Harvey
17%
Film 2005 Heights
17%
Web Mini-Series 2020 Hollywood
17%
TV Show 2011 iCarly
17%
Theater 1998 In the Jungle of the Cities
17%
Theater 1996 Jack and the Future Is In Eggs
17%
TV Show 2004-2005 Judging Amy
17%
Film TBA Just by Looking at Him
17%
TV Show 2012 Kick Buttowski: Suburban Daredevil
17%
Theater 1998 King Ubu is King
17%
Theater 1995 La Ronde
17%
Theater 1997 Last Rites
17%
Theater 1995 Marat/Sade
17%
Theater 1999 Marie and Bruce
17%
Video Game 2010 Marvel Super Hero Squad: The Infinity Gauntlet
17%
TV Film 2017 Michael Jackson's Halloween
17%
Theater 2024 Mother Play
17%
Film 2007 On the Road with Judas
17%
Theater 1996 Othello
17%
Theater 2024-2025 Our Town
17%
Web Series 2018-2022 Pete the Cat
17%
TV Show 2011 Pound Puppies
17%
Theater 1994 Rosencrantz and Guildenstern Are Dead
17%
Film 2006 School for Scoundrels
17%
TV Show 2010 Sesame Street
17%
Film 2021 So Much
17%
Production 2019-2021 Special
17%
TV Show 2021 Staged
17%
Theater 1996 Suicide in B-Flat
17%
Film 2012 Sunset Stories
17%
TV Show 2016 SuperMansion
17%
Theater 1998 Tamalalia 3: The Cocktail Party
17%
Theater 1999 Tamalalia 4: The Camp-Out
17%
Theater 2002 Tartuffe
17%
TV Pilot 2004 Taste
17%
Theater 1993 The Balcony
17%
Film 2011 The Big Year
17%
Theater 2002 The Castle
17%
Theater 1997 The Cherry Orchard
17%
Film 2005 The Great New Wonderful
17%
TV Show 2012 The High Fructose Adventures of Annoying Orange
17%
Short Film 2005 The King's Inn
17%
Theater 2004 The Love for Three Oranges (Gozzi)
17%
Film 2011 The Muppets
17%
Theater 2011 The Normal Heart
17%
TV Film 2014 The Normal Heart
17%
Theater 1998 The Pitchfork Disney
17%
TV Show 2011 The Super Hero Squad Show
17%
Theater 1998 The Threepenny Opera
17%
Documentary 2020 Truman & Tennessee: An Intimate Conversation
17%
Film 2015 Visions
17%
Documentary Series 2013 Who Do You Think You Are?
17%
TV Pilot 2004 Why Blitt?
17%
Film 2014 Wish I Was Here
17%
Theater 1996 Woyzeck
17%
Commercial 2003 DiGiorno
0%
Commercial 2014-2017 Intel
0%
Radio Show 2017 Jim Parsons Is Too Stupid for Politics
0%
Commercial 2014 Nissan Micra
0%
Commercial 2003 Quiznos
0%
Commercial 2006 Stride Gum
0%
No matching quizzes found
Score Distribution
Percent of People with Each Score
Percentile by Number Answered
Your Score History
You have not taken this quiz since the last reset